Części komputerowe - Statystyki

Ogólne statystyki
  • Ten quiz został rozwiązany 112 razy
  • Średni wynik to 5 z 7
Statystyki odpowiedzi
Odpowiedź % Poprawnych
Procesor
96%
Karta graficzna
94%
Dysk
89%
Ram
86%
Płyta główna
82%
Zasilacz
76%
Napęd
14%
Nie znaleziono quizów pasujących do podanych kryteriów
Rozkład punktacji
Procent ludzi z każdym wynikiem
Percentyl według liczby udzielonych odpowiedzi
Twoja historia wyników
Nie rozwiązałeś tego quizu